01801nab a2200409 a 450000100060000000300080000600500170001400600190003100700150005000800410006502200140010603500210012004000260014105000210016708000080018808200120019610000260020822200260023424503720026024601270063226000730075930000140083231000140084636200390086053301640089954600510106365000210111465000170113565000120115265000180116465500320118270000350121470000350124971000190128474000270130385600610133085349FlNmELB20241217171402.0m o d | cr cn|||||||||200912r2005 mx |||||s|||||||||||spa d a0186-2979 a(OCoLC)955404886 aFlNmELBbspacFlNmELB 4aQL615bC355 2005 a59704a5972221 aCastro-Aguirre, J. L. 0aUniversidad y ciencia10aLista anotada de las especies ícticas anfipacíficas, de afinidad boreal, endémicas y anfipeninsulares del Golfo de California, Méxicoh[recurso electronico] =bAn annotated checklist on amphipacific, boreal, endemic and amphipeninsular fish species of the Golfo de California, México /cJ. L. Castro-Aguirre, A. F. González-Acosta, J. de la Cruz-Agüero.31aAnnotated checklist on amphipacific, boreal, endemic and amphipeninsular fish species of the Golfo de California, México a[Villahermosa] :bUniversidad Juárez Autónoma de Tabasco,c2005. a85-106 p. aSemestral0 aVol. 21, Num. 42 (Diciembre 2005)- aRecurso electrónico. Santa Fe, Arg.: e-libro, 2015. Disponible vía World Wide Web. El acceso puede estar limitado para las bibliotecas afiliadas a e-libro. aArtículo en español ; resumen en inglés. 4aPecesxEspecies. 4aIchthyology. 4aFishes. 4aBiogeography. 4aArtículos electrónicos.1 aGonzález-Acosta, A. F,eaut.1 aCruz-Agüero, J. de la,eaut.2 ae-libro, Corp.02aUniversidad y ciencia.40uhttps://elibro.net/ereader/politecnicointernacional/7990